000 00483nam a2200169 a 4500
001 000004304
005 20200929151425.0
008 090721s2001 dr 000 spa d
040 _aDO-SdBNP
_bspa
_cBNPHU
082 _aS232r
100 1 _aSantana, Manolo
_d1953-
_912709
245 1 4 _aLos rezos a Bacalác /
_cManolo Santana.
260 _aSanto Domingo,
_c2001.
300 _a84 p. ;
_c22 cm.
500 _aIncluye datos biográficos
910 _avalidado control de calidad Mfileto
999 _c4113
_d4113